| 000 | 01326nam a2200301 a 4500 | ||
|---|---|---|---|
| 001 | 000023233 | ||
| 005 | 20200930022057.0 | ||
| 008 | 101130s1966 mx 000 0 spa d | ||
| 040 |
_aDO-SdBNP _bspa _cBNPHU |
||
| 082 |
_ann* _bnn* |
||
| 110 | 1 |
_aAcademia de Ciencias de la U.R.S.S. _bInstituto de Filosofía _947841 |
|
| 240 | 1 | 0 |
_aIstoriia filosofii. _lEspañol |
| 245 | 1 | 0 |
_aHistoria de la filosofía / _cRedacción general M. A. Dynnik, M. T. Iovchuk, B. M. Kedrov, M. B. Mitin y O. V. Trajtenberg ; traducción José Laín, Augusto Vidal Roget y Adolfo Sánchez Vásquez. |
| 260 |
_aMéxico, D. F. : _bGrijalbo, _c1966. |
||
| 300 |
_av. 6 ; _c21 cm. |
||
| 590 | _aPerteneció a la biblioteca personal de Juan Isidro Jimenes Grullón. | ||
| 534 |
_aTítulo de la obra en ruso : _tIstoriia filosofii |
||
| 505 | 0 |
_gT. 6. _tSegunda mitad del siglo xix. Desde la revolución socialista de octubre de 1917 hasta nuestros días. La filosofía marxista contemporánea. |
|
| 500 | _aLa biblioteca sólo posee el volumen 6. | ||
| 700 | 1 |
_aTrajtenberg, O. V. _947842 |
|
| 700 | 1 |
_aMitin, M. B. _947843 |
|
| 700 | 1 |
_aKedrov, B. M. _947844 |
|
| 700 | 1 |
_aIovchuk, M. T. _947845 |
|
| 700 | 1 |
_aDynnik, M. A. _947846 |
|
| 700 | 1 |
_aLaín, José, _etr. _947847 |
|
| 700 | 1 |
_aSánchez Vásquez, Adolfo, _etr. _947153 |
|
| 049 | _aBNGR | ||
| 999 |
_c22730 _d22730 |
||